000
00282nam a2200109Ia 4500
008
210430s9999 xx 000 0 und d
082
_a
520 S5241 S
100
_a
Michael Sharpe
_9
47492
245
_a
Space The Ultimate Frontier
_c
Michael Sharpe
300
_a
160 p
942
_c
MX
_2
ddc
999
_c
564261
_d
564261